000 00554nam a2200169 4500
001 122592
003 ES-MaACL
005 20230906192015.0
007 t|
008 070214s1962 sp r ||||1| spa d
245 0 3 _aEl problema de los refugiados árabes de Palestina.
260 _aMadrid :
_bEmbajada de la República Árabe Unida, Despacho de Prensa,
_c1962 (
_fGráf. Norte)
300 _a131 p. ;
_c20 cm.
650 0 0 _aRefugiados palestinos.
_916736
710 1 _aRepública Árabe Unida.
_bSifara (España)
_9172162
852 _aES-MaACL
_jC-25441
999 _c122592
_d122592